000 01272aam a2200325 i 4500
001 768714001
003 CO-MdFUSB
005 20231027104131.0
007 ta
008 231010t20102010flu||||g |||| 00| 0 spa d
020 _a9781933163307
040 _aCO-MdFUSB
_bspa
_cCO-MdFUSB
_dCO-MdFUSBC
_erda
041 _aspa
082 _223
_a235.4
_bM538
100 _aMéndez Ferrell, Ana,
_eautor
245 _aGuerra de alto nivel
_c/ Ana Méndez Ferrell
264 1 _aPonte Vedra, Florida :
_bVoice of the light ministries,
_c[2010]
264 4 _c©2010
300 _a178 páginas
_c; 22 cm
336 _2rdacontent
_atexto
_btxt
337 _2rdamedia
_asin mediación
_bn
338 _2rdacarrier
_avolumen
_bnc
504 _aIncluye índice
505 _aCapítulo 1: El Ejército de Dios paralizado por el Temor -- Capítulo 2: ¿Quién es Ana Méndez? -- Capítulo 3: La Guerra Espiritual desde un enfoque correcto -- Capítulo 4: Diferentes Tipos de Guerra -- Capítulo 5: ¿Quiénes son los llamados para la Guerra? -- Capítulo 6: Percances o Accidentes de Guerra -- Capítulo 7: ¿Ataques del diablo o Corrección de Dios?
563 _aRústico
650 7 _92268
_aGuerra espiritual
650 7 _92269
_aDemonología
942 _cBK
945 _asor1564
999 _c69135
_d69135